000 00700cab a2200217 4500
001 X3275
008 090401t1996 xxu||||| |||| 00| 0 eng d
035 _a(Sirsi) u29570
041 _aeng
245 _aPII regulations
260 _c1996
350 _a0
490 _aCSM (Chartered Surveyor Monthly)
_v5(4) January 1996, 33(1)
520 _aSummarises the requirements for anyone anyone who undertakes work in private practice with regards to professional indemnity insurance.
650 _aPROFESSIONAL INDEMNITY INSURANCE
650 _aRUN-OFF COVER
690 _aINSURANCE
_96249
690 _aMANAGEMENT-BUSINESS MANAGEMENT-PROFESSIONAL PRACTICE
942 _n0
948 _c04/03/1997
999 _c19901
_d19901